Quizzes
Events
Quiz Creation
Community
Videos
Private Events
Remove Ads
Sign In
Join for FREE
Feedback
Dark Mode
Quiz Categories
Sports
Geography
Music
Movies
Television
Just For Fun
Miscellaneous
History
Literature
Language
Science
Gaming
Entertainment
Religion
Holiday
For Kids
Quiz Lab
Recent
Popular Today
Quiz Kudos Today
Editor Picks
Curator Picks
Quizzes by...
Day
Popularity
Type
Ratings
Length
Year
Community
Subscriptions
Recent Discussions
Orange Saloon
Badges
Playlists
Quests
Create
Leaderboards
Showdown
Live 5
Trivia Bingo
Activity
Puzzle Library
Sporcle Events
Private Events
Virtual Trivia
Globe League
Become a Host
Pub Owners
SporcleCon
Opinionation
Our Games
Videos
Blog
Mobile Apps
Partnerships
Remove Ads and Go Orange
Feedback
Sports
Athletes
MLB
NBA
NHL
NFL
Soccer
Sports Teams
WWE
NCAA
Football
Premier League
Basketball
Baseball
Hockey
Golf
Tennis
Cricket
Rugby
Auto Racing
Olympics
World Cup
Sports
Athletes
MLB
NBA
NHL
NFL
Soccer
Sports Teams
WWE
NCAA
Football
Premier League
Basketball
Baseball
Hockey
Golf
Tennis
Cricket
Rugby
Auto Racing
Olympics
World Cup
Random Quiz
Search Sporcle
×
Quiz Lab
Quiz Lab
Sports
Football
Type in answers that appear in a list
Type in answers that appear in a list
Classic
Best Score? Go Orange.
Club Teams represented at the World Cup Stats
Can you name the Club Teams represented at the World Cup ?
By
XBigWill1X
18m
193 Questions
162 Plays
162 Plays
162 Plays
Comments
Comments
Give Quiz Kudos
Give Quiz Kudos
-
- Ratings
hide this ad
Replay
Link that replays current quiz
Next Quiz
Link to next quiz in quiz playlist
You Got
0%
They Got
Avg Score
28%
Avg Friend Score
Upgrade to see
Score Distribution
Jump to the score distribution portion of the page
Score
0/193
Timer
18:00
0
Plays Today
Number of Players from Football Club
Football Club
% Correct
5
Manchester United
96.9%
12
Liverpool
96.3%
13
Bayern Munich
95.1%
13
Barcelona
95.1%
12
Chelsea
95.1%
10
Real Madrid
95.1%
9
Arsenal
92%
10
Internazionale
89.5%
8
Manchester City
88.9%
7
AC Milan
87.7%
10
Tottenham Hotspur
84%
9
Ajax
82.7%
10
Juventus
80.2%
7
Everton
77.2%
7
Lyon
70.4%
6
FC Porto
69.1%
4
Aston Villa
66.7%
8
Benfica
66%
4
PSV Eindhoven
64.2%
5
Roma
63%
7
Valencia
62.3%
5
West Ham United
61.1%
5
Fulham
61.1%
4
Marseille
58%
1
Defensor Sporting Club
58%
2
Olympiakos
55.6%
3
Lazio
54.9%
2
Celtic
54.3%
3
Rangers
53.1%
1
Sunderland
53.1%
10
Panathinaikos
52.5%
3
Atletico Madrid
52.5%
7
Hamburg
51.9%
3
Bolton Wanderers
50.6%
9
Wolfsburg
49.4%
4
Sevilla
49.4%
4
Blackburn Rovers
49.4%
3
Borussia Dortmund
49.4%
6
Werder Bremen
48.8%
7
Portsmouth
48.1%
1
Newcastle United
48.1%
1
Birmingham City
48.1%
4
Boca Juniors
47.5%
1
Hull City
47.5%
5
Villareal
46.9%
4
Bordeaux
46.3%
4
Wigan Athletic
46.3%
3
FC Copenhagen
46.3%
5
Bayer Leverkusen
45.1%
2
Los Angeles Galaxy
45.1%
4
West Bromich Albion
44.4%
4
Galatasaray
44.4%
5
CSKA Moscow
42.6%
7
VfB Stuttgart
41.4%
4
Napoli
41.4%
4
Fiorentina
41.4%
2
Feyenoord
40.7%
4
Schalke 04
40.1%
4
Monaco
39.5%
4
Sampdoria
38.9%
2
Lille
38.9%
2
Cologne
37%
2
Dynamo Kiev
36.4%
1
Anderlecht
36.4%
3
Wolverhapmton Wanderers
35.8%
Number of Players from Football Club
Football Club
% Correct
4
Palermo
34.6%
7
Udinese
34%
1
Middlesbrough
34%
2
Zenit St Petersburg
33.3%
3
Hertha Berlin
30.2%
4
FC Twente
29.6%
2
Besiktas
29.6%
1
Nantes
29%
5
AZ Alkmaar
28.4%
4
Genoa
28.4%
3
Eintracht Frankfurt
27.8%
1
Real Mallorca
27.2%
1
Santos Futebol Clube
27.2%
1
Deportivo La Coruna
26.5%
5
Basle
25.9%
5
Sporting Lisbon
25.3%
1
Brondby
25.3%
2
Athletic Bilbao
24.7%
2
Club Social y Deportivo Colo Colo
24.7%
1
Stoke City
24.7%
2
Braga
24.1%
1
Club Deportivo Chivas USA
24.1%
2
Fenerbahçe
23.5%
1
Standard Liege
23.5%
1
Cagliari
22.8%
2
Rennes
21.6%
1
Watford
21.6%
3
Malaga
21%
1
Rosenborg
21%
2
Bologna
20.4%
2
Toulouse
19.8%
2
Borussia Monchengladbach
19.8%
2
Young Boys
19.8%
1
Espanyol
19.8%
1
Hibernian
19.8%
3
Orlando Pirates
19.1%
1
Rubin Kazan
19.1%
1
Atalanta
18.5%
1
Dundee United
18.5%
1
Bari
18.5%
1
Chievo
17.9%
1
Lecce
17.9%
1
Real Betis
17.9%
2
TSG Hoffenheim
17.3%
1
Reading
17.3%
1
FC Kaiserslautern
17.3%
2
FC Zurich
16.7%
2
Catania
16%
2
Clube de Regatas Flamengo
16%
1
Racing Genk
16%
1
Getafe
16%
1
Real Sociedad
16%
2
Siena
15.4%
2
Auxerre
14.8%
1
Real Zaragoza
14.8%
1
Partizan Belgrade
14.2%
1
Nancy
14.2%
1
St Etienne
14.2%
2
Hannover 96
13.6%
2
AA Gent
13.6%
1
SV Red Bull Salzburg
13%
1
Club Estudiantes de La Plata
13%
2
SC Freiburg
11.7%
1
Motherwell
11.7%
1
Corporacion Deportiva Independiente Medellin
11.7%
Number of Players from Football Club
Football Club
% Correct
2
Sochaux
11.1%
1
Mainz
11.1%
1
Sparta Prague
11.1%
1
Ipswich Town
11.1%
1
Club Atletico Velez Sarsfield
11.1%
7
Wellington Phoenix
10.5%
1
Maccabi Haifa
10.5%
1
Racing Santander
10.5%
1
Dinamo Moscow
10.5%
2
Nuremberg
9.9%
1
Maccabi Tel-Aviv
9.9%
3
Corporacion de Futbol Profesional de la Universidad de Chile
9.3%
2
Club America
9.3%
1
Club Bruges
8.6%
3
AGF Aarhus
8%
3
Kaizer Chiefs
8%
2
FC Groningen
8%
1
Steaua Bucharest
8%
1
Hapoel Tel-Aviv
8%
1
Nacional
8%
1
1860 Munich
8%
1
Valladolid
8%
5
Valenciennes
7.4%
4
VfL Bochum
7.4%
4
Pumas de la Universidad Nacional Autonoma de Mexico
7.4%
2
Grenoble
7.4%
1
Almeria
7.4%
1
San Jose Earthquakes
7.4%
1
Adelaide United
6.8%
1
FC Seoul
6.8%
5
Club Deportivo Guadalajara A.C.
6.2%
2
Cruzeiro Esporte Clube
6.2%
1
Club Atlas de Guadalajara
6.2%
1
Seattle Sounders
6.2%
3
PAOK Salonika
5.6%
1
Lorient
5.6%
1
AC Ajaccio
5.6%
1
Xerez
5.6%
1
Club Atletico Banfield
5.6%
6
C.D. Olimpia
4.9%
3
Suwon Bluewings
4.9%
1
Wisla Krakow
4.9%
1
FC Utrecht
4.9%
1
Plymouth Argyle
4.9%
1
Reggina
4.9%
1
Club Atletico San Lorenzo de Almagro
4.9%
1
Sparta Rotterdam
4.3%
1
Kansas City Wizards
4.3%
3
Club Atletico Colon de Santa Fe
3.7%
2
Gold Coast United
3.1%
1
MSV Duisburg
3.1%
1
Asociacion Atletica Argentinos Juniors
3.1%
1
Lokeren
2.5%
2
FC Tokyo
1.9%
1
Melbourne Heart
1.9%
1
North Queensland Fury
1.9%
2
Aris Salonika
1.2%
2
Libertad
1.2%
1
Omonia Nicosia
0.6%
1
Boulogne
0.6%
1
Red Bull New York
0.6%
2
Club Deportivo Universidad Catolica
0%
1
SV Kapfenberg
0%
Quiz Playlist
Details
Report
Send in Message
Add To Playlist
Classic:
Type in answers that appear in a list
Last Updated: Feb 16, 2017
Quiz Scoreboard
CHALLENGE
Sign Up to Join the Scoreboard
Show All
Scores
Hide
Comments
May contain spoilers
Recently Published
Billboard Blitz: Fleetwood Mac
by CooCooCachoo
Music
15s
Presidents Visiting Landmarks
by Hejman
History
7m
An Introduction to Baseball
by treessimontrees
Sports
5m
More to Explore
Quiz From the Vault
Featured Blog Post
Where Did the Easter Bunny Come From?
hide this ad
You Might Also Like...
Tags
Football Quiz
Numbers Quiz
World Quiz
club
Clubs
cup
League
Player
Represented
team
Today's Top Quizzes in Sports
Browse Sports
hide this ad
Today's Top Quizzes in Football
Browse Football
Top Contributed Quizzes in Sports
1
Les meilleurs buteurs des matchs entre le PSG et l’OM
2
2022 World Cup Stars
3
FIFA Club World Cup Champions
4
Les entraîneurs de l'OM et du PSG au 21e siècle
5
Criteria MLB: Left Handed Sluggers
6
Name the Premier League winners with different clubs
7
5-to-1: UK Sports Teams
8
AFC Teams Reveal (Wrong Answers Minefield)
9
Players with Multiple 50 Home Run Seasons
10
5-to-1: FBS Animal Nicknames
Explore More
Trending Topics
Marvel
Harry Potter
Crossword
Anime
NBA
Disney
Kpop
Country
Soccer
NFL
The Office
Pokémon
Puzzle
Song
WWE
hide this ad
More By:
XBigWill1X
Quiz
Plays
Rating
Category
Featured
Created
Friends Characters Relationships
3,244
4.11
Television
Aug 25, 2010
Club Teams represented at the World Cup
162
3.71
Sports
Jul 7, 2010
Club Team's Represented at Euro 2012
98
2.25
Sports
Jun 13, 2012
Castrol's Football Performance Index Rankings
50
5.00
Sports
Aug 22, 2011
Go to Creator's Profile
Score Distribution
Quiz Creator Spotlight
XBigWill1X
Follow
Send a Message
Quizzes Created
-
Created Quiz Play Count
-
More By This Creator
Popular Quizzes Today
1
Find the US States - No Outlines Minefield
2
Find the Countries of Europe - No Outlines Minefield
3
The Countries of the World
4
Find the US States
5
US States
6
Popular People in 1961
7
Risky Map Clicking: Biggest States A-Z
8
Movies - When Are They Set?
More Sports Quizzes
NBA 2023 7 RPG Players
Quiz Lab
Trending Quizzes
Risky Map Clicking: Least Populous States A-Z
1-10 Letter G Words
1-10 Letter F Words
Risky Map Clicking: Next State Alphabetically
Risky Map Clicking: Biggest States A-Z
Recently Updated
Leaping Animals
pecheneg
Reality TV Shows (A-Z)
bhenderson79
Rickey Henderson's Hall of Fame Teammates
pecheneg
Champions League XIs: Arsenal
pecheneg
Quick Pick: Celebrities in WWE's Hall of Fame
aduchscher
A-Z Keypad Blitz II
pecheneg
Multiple Oscar Actors
pecheneg
Mystery Phrase Blitz: Oscar 'Best Actors'
pecheneg
F. Scott Fitzgerald Novels
LTH
Pick 3 Villains
ddd62291
Trending Topics
Disney
NBA
Harry Potter
Kpop
Crossword
Anime
Marvel
Song
Puzzle
NFL
Country
Soccer
The Office
Pokémon
WWE
Your Account Isn't Verified!
In order to create a playlist on Sporcle, you need to verify the email address you used during registration. Go to your
Sporcle Settings
to finish the process.
Report this User
Report this user for behavior that violates our
Community Guidelines
.
Details:
Send Report
Go to the Sporcle.com Mobile Site →
Comments